Test de Rapidité - Lettre "N" - Statistiques

Statistiques générales
  • Ce quiz a été pris 846 fois
  • Le résultat moyen est 94 sur 100
Statistiques - réponses
Lettre "N" % Correct
N
100%
N
100%
N
99%
N
99%
N
99%
N
99%
N
99%
N
99%
N
99%
N
99%
N
99%
N
98%
N
98%
N
98%
N
98%
N
98%
N
98%
N
98%
N
98%
N
98%
N
98%
N
98%
N
98%
N
98%
N
98%
N
98%
N
98%
N
98%
N
98%
N
98%
N
98%
N
98%
N
98%
N
98%
N
98%
N
98%
N
98%
N
98%
N
98%
N
98%
N
98%
N
98%
N
98%
N
97%
N
97%
N
97%
N
97%
N
97%
N
97%
N
97%
N
97%
N
96%
N
96%
N
96%
N
96%
N
96%
N
96%
N
96%
N
96%
N
96%
N
95%
N
95%
N
95%
N
95%
N
95%
N
95%
N
95%
N
95%
N
95%
N
94%
N
94%
N
94%
N
94%
N
94%
N
94%
N
93%
N
93%
N
93%
N
92%
N
92%
N
91%
N
91%
N
90%
N
90%
N
89%
N
89%
N
88%
N
87%
N
86%
N
85%
N
84%
N
84%
N
83%
N
82%
N
80%
N
79%
N
78%
N
78%
N
77%
N
75%
Aucun quiz correspondant
Distribution des résultats
% des personnes avec chaque résultat
Percentile par nombre de réponses
Votre historique - résultats
Vous n’avez pas pris ce quiz